Optical Illusions - Statistics

General Stats
  • This quiz has been taken 314 times
  • The average score is 9 of 15
Answer Stats
Question Answer % Correct
Lines with Arrows Red and Blue are the same length
90%
Circle-Dot Illusion Red and Blue are the same distance from the star
85%
Railroad Red and Blue are the same length
77%
Flower Illusion Red and Blue are different lengths
76%
Circles in Circles Red and Blue are the same size
76%
Circle-Dot Illusion Red and Blue are the same distance from the star
74%
Triangle and Hypotenuse Red and Blue are different lengths
72%
Gradient Illusion Red and Blue label the same shade of grey
67%
Crescent Illusion Red and Blue are different sizes
64%
Crescent Illusion Red and Blue are different sizes
59%
Curved Tiles Red and Blue are the same size
57%
Encircled-Dot Illusion Red and Blue are the same length
48%
Line-Dot Illusion Red and Blue are different distances from the star
39%
Fake Shadow Illusion Red and Blue label different shades of grey
37%
Encircled-Dot Illusion Red and Blue are different distances from the star
27%
No matching quizzes found
Score Distribution
Percent of People with Each Score
Percentile by Number Answered
Your Score History
You have not taken this quiz